[Event "Verbandsliga Suedbaden 1920"]
[Site "Baden"]
[Date "2020.02.16"]
[Round "6.3"]
[White "Sonnenfeld, Daniel"]
[Black "Gruenberger, Mosko"]
[Result "1-0"]
[WhiteElo "2091"]
[BlackElo "2013"]
[PlyCount "81"]
[EventDate "2019.09.29"]
[EventType "team-tourn"]
[EventRounds "9"]
[EventCountry "GER"]
[SourceTitle "EXT 2021"]
[Source "ChessBase"]
[SourceDate "2020.10.23"]
[SourceVersion "1"]
[SourceVersionDate "2020.10.23"]
[SourceQuality "1"]
[WhiteTeam "Oberwinden"]
[BlackTeam "Dreilaendereck II"]
[WhiteTeamCountry "GER"]
[BlackTeamCountry "GER"]

1. d4 Nf6 2. Bf4 d5 3. e3 c5 4. c3 Nc6 5. Nd2 Qb6 6. Qb3 Bf5 7. Ngf3 e6 8. Nh4 Bg6 9. Nxg6 hxg6 10. h3 Be7 11. Be2 0-0 12. 0-0 Rfc8 13. Rfe1 cxd4 14. Qxb6 axb6 15. exd4 Ne8 16. Bd3 Bd6 17. Be3 Be7 18. Bf4 Bd6 19. Be3 Be7 20. a3 Nd6 21. Bf4 Bf8 22. g3 Ne8 23. h4 Bd6 24. Be3 Be7 25. Kg2 Rd8 26. Bf4 Bf6 27. Rad1 Rac8 28. Bb5 Nd6 29. Bxd6 Rxd6 30. f4 Na7 31. Bd3 Nc6 32. Rh1 Bd8 33. Nf3 Ne7 34. Rde1 Nf5 35. h5 gxh5 36. Bxf5 exf5 37. Re8+ Kh7 38. Rxh5+ Kg6 39. Rhh8 Kf6 40. Ne5 g6 41. Rhf8 1-0

[Event "Verbandsliga Suedbaden 1516"]
[Site "Baden"]
[Date "2016.02.14"]
[Round "6.7"]
[White "Gruenberger, Mosko"]
[Black "Kick, Joachim"]
[Result "1-0"]
[WhiteElo "2091"]
[BlackElo "2144"]
[PlyCount "65"]
[EventDate "2015.09.27"]
[EventType "team-tourn"]
[EventRounds "9"]
[EventCountry "GER"]
[SourceTitle "EXT 2022"]
[Source "ChessBase"]
[SourceDate "2021.10.06"]
[SourceVersion "1"]
[SourceVersionDate "2021.10.06"]
[SourceQuality "1"]
[WhiteTeam "Dreilaendereck"]
[BlackTeam "Kuppenheim"]
[WhiteTeamCountry "GER"]
[BlackTeamCountry "GER"]

1. e4 c5 2. Nf3 Nc6 3. Nc3 g6 4. Bc4 Bg7 5. d3 Nf6 6. Bg5 d6 7. h3 h6 8. Be3 0-0 9. Qd2 Kh7 10. g4 Nd7 11. 0-0-0 Nd4 12. Bxd4 cxd4 13. Ne2 Qb6 14. Nh2 Qc5 15. f4 b5 16. Bd5 Rb8 17. f5 Ne5 18. Nf4 Bd7 19. Rhf1 Bf6 20. Nf3 Nxf3 21. Rxf3 Bg5 22. h4 Bxh4 23. Bxf7 Bg5 24. Kb1 Rxf7 25. fxg6+ Kh8 26. gxf7 e5 27. Ng6+ Kg7 28. Qg2 Kxg6 29. f8Q Rxf8 30. Rxf8 Be6 31. Qh3 Qb4 32. Qh5+ Kg7 33. Qe8 1-0

[Event "Zuerich op-B 38th"]
[Site "Zuerich"]
[Date "2014.12.29"]
[Round "5"]
[White "Gruenberger, Mosko"]
[Black "Spitzer, Erwin"]
[Result "1-0"]
[WhiteElo "2037"]
[BlackElo "1992"]
[PlyCount "79"]
[EventDate "2014.12.26"]
[EventType "swiss"]
[EventRounds "7"]
[EventCountry "SUI"]
[SourceTitle "CBM 164 Extra"]
[Source "ChessBase"]
[SourceDate "2015.03.02"]
[SourceVersion "1"]
[SourceVersionDate "2015.03.02"]
[SourceQuality "1"]

1. e4 e5 2. Nf3 f5 3. Nxe5 Qf6 4. d4 Nc6 5. Nxc6 dxc6 6. e5 Qg6 7. Nc3 Bb4 8. a3 Ba5 9. b4 Bb6 10. Ne2 Qf7 11. Nf4 g5 12. Be2 Kd8 13. Nh5 h6 14. c4 a6 15. Bb2 Rh7 16. h4 Be6 17. Qd3 Ke8 18. 0-0-0 Rd8 19. c5 Ba7 20. hxg5 hxg5 21. Qg3 g4 22. Nf4 Rxh1 23. Rxh1 a5 24. f3 Bc4 25. Bd1 axb4 26. axb4 Bb3 27. Be2 Bc4 28. e6 Bxe6 29. Nxe6 Qxe6 30. fxg4 f4 31. Qf3 Nf6 32. g5 Nd5 33. Qh5+ Ke7 34. Qh7+ Kf8 35. Qh8+ Qg8 36. Qe5 Re8 37. Qf5+ Kg7 38. Bd3 Qe6 39. Rh7+ Kg8 40. Rh8+ 1-0

[Event "Zuerich op-B 38th"]
[Site "Zuerich"]
[Date "2014.12.29"]
[Round "6"]
[White "Musaelyan, Arshavir"]
[Black "Gruenberger, Mosko"]
[Result "0-1"]
[WhiteElo "1891"]
[BlackElo "2037"]
[PlyCount "54"]
[EventDate "2014.12.26"]
[EventType "swiss"]
[EventRounds "7"]
[EventCountry "SUI"]
[SourceTitle "CBM 164 Extra"]
[Source "ChessBase"]
[SourceDate "2015.03.02"]
[SourceVersion "1"]
[SourceVersionDate "2015.03.02"]
[SourceQuality "1"]

1. d4 d5 2. c4 e6 3. Nc3 Nf6 4. cxd5 exd5 5. Bg5 Nbd7 6. e3 c6 7. Qc2 Be7 8. Bd3 0-0 9. Nge2 Re8 10. 0-0 Nf8 11. Rad1 Ng4 12. Bxe7 Qxe7 13. Ng3 Qh4 14. h3 Nxe3 15. fxe3 Qxg3 16. Rf3 Qg5 17. Rdf1 Be6 18. Qf2 Re7 19. h4 Qh6 20. Ne2 Nd7 21. Qg3 Rae8 22. Kf2 Nf6 23. Ke1 Nh5 24. Qf2 f6 25. e4 dxe4 26. Bxe4 Bg4 27. Nc3 Qc1+ 0-1

[Event "Zuerich op-B 38th"]
[Site "Zuerich"]
[Date "2014.12.26"]
[Round "1"]
[White "Gruenberger, Mosko"]
[Black "Rueegg, Rene"]
[Result "1-0"]
[WhiteElo "2037"]
[BlackElo "1755"]
[PlyCount "57"]
[EventDate "2014.12.26"]
[EventType "swiss"]
[EventRounds "7"]
[EventCountry "SUI"]
[SourceTitle "CBM 164 Extra"]
[Source "ChessBase"]
[SourceDate "2015.03.02"]
[SourceVersion "1"]
[SourceVersionDate "2015.03.02"]
[SourceQuality "1"]

1. e4 c5 2. Nf3 d6 3. d4 cxd4 4. Nxd4 Nf6 5. Nc3 a6 6. Bg5 e6 7. f4 Nbd7 8. Qf3 Qc7 9. 0-0-0 b5 10. Bxf6 gxf6 11. Qh5 Nc5 12. a3 Rb8 13. f5 b4 14. axb4 Rxb4 15. fxe6 Rxd4 16. exf7+ Qxf7 17. Qxf7+ Kxf7 18. Rxd4 Bh6+ 19. Kb1 Bf4 20. Bc4+ Kg7 21. Bd5 Be5 22. Rb4 Bd7 23. Rb6 Rf8 24. b4 Ne6 25. Rb7 Rf7 26. Nd1 Bb5 27. Rxb5 axb5 28. Bxe6 Ra7 29. c3 1-0

[Event "Verbandsliga Suedbaden 1415"]
[Site "Baden"]
[Date "2014.11.23"]
[Round "3.6"]
[White "Gruenberger, Mosko"]
[Black "Jehnichen, Guenther"]
[Result "1/2-1/2"]
[WhiteElo "2037"]
[BlackElo "2033"]
[PlyCount "82"]
[EventDate "2014.10.12"]
[EventType "team-tourn"]
[EventRounds "9"]
[EventCountry "GER"]
[SourceTitle "EXT 2022"]
[Source "ChessBase"]
[SourceDate "2021.10.06"]
[SourceVersion "1"]
[SourceVersionDate "2021.10.06"]
[SourceQuality "1"]
[WhiteTeam "Dreilaendereck"]
[BlackTeam "Gottmadingen"]
[WhiteTeamCountry "GER"]
[BlackTeamCountry "GER"]

1. e4 c5 2. Nf3 a6 3. Nc3 e6 4. d4 cxd4 5. Nxd4 Qc7 6. Bd3 Bb4 7. Bd2 Nc6 8. Nxc6 bxc6 9. Qg4 g6 10. 0-0 h5 11. Qe2 Bc5 12. Na4 Ba7 13. Bc3 e5 14. b3 Ne7 15. Nb2 d6 16. Nc4 Be6 17. Rad1 Bg4 18. Qd2 Bxd1 19. Rxd1 Nc8 20. Kh1 0-0 21. f4 Bd4 22. Bxd4 exd4 23. e5 d5 24. Nb2 Kg7 25. Qf2 c5 26. Qg3 f5 27. Be2 Kh7 28. Nd3 Ne7 29. Ne1 Qc6 30. Nf3 a5 31. a4 Ng8 32. Bb5 Qb6 33. Ng5+ Kh6 34. h3 Ne7 35. Nf3 Kg7 36. Qh4 Ra7 37. Ng5 Rc7 38. Qf2 Rb7 39. Qd2 Kh6 40. Qe2 Kg7 41. Qf3 Rbb8 1/2-1/2